| 000 | 00731cam a22002413a 4500 | ||
|---|---|---|---|
| 001 | 11238 | ||
| 003 | PGUSA | ||
| 005 | 20140828083234.0 | ||
| 008 | 040201s2004||||xxu|||||s|||||000 | eng d | ||
| 040 |
_aPGUSA _beng |
||
| 042 | _adc | ||
| 050 | 4 | _aS | |
| 100 | 1 |
_aPinchot, Gifford, _d1865-1946 |
|
| 245 | 1 | 4 |
_aThe Fight for Conservation _h[electronic resource] / _cGifford Pinchot |
| 260 |
_bProject Gutenberg, _c2004 |
||
| 506 | _aPublic domain in the USA. | ||
| 516 | _aElectronic text | ||
| 653 | _aUnited States -- Economic conditions -- 1865-1918 | ||
| 653 | _aConservation of natural resources -- United States | ||
| 830 | 0 |
_aProject Gutenberg _v11238 |
|
| 856 | 4 | 0 | _uhttp://www.gutenberg.org/ebooks/11238 |
| 942 | _cEB | ||
| 999 |
_c240493 _d240493 |
||